000 01150nam0a2200325 i 4500
001 RU\NLR\bibl\2083068
005 20240726091013.0
010 _a9785990478718
021 _aRU
_b2013-3118и
_9311и
035 _a(nilc)RuMoRGB-006668435
035 _a(NLR Aleph) 010001136
090 _a9795004
_c9795004
100 _a20130924d2013 um y0rusy50 ca
101 0 _arus
102 _aRU
105 _aa|||z||||||||
200 1 _aУрал - колыбель нации моей
_e[фотоальбом со стихотворениями
_fавт. фот.: Шарипов С.Ш. и Шарипова А.Т.]
_gавт. текста: Шарипов С.Ш.]
210 _aМосква
_c[б. и.]
_d2013
215 _a123, [1] с.
_cцв. ил., портр.
_d22x29
300 _aЗагл. обл.: Пристанище души
512 1 _aПристанище души
686 2 _aШ6(2=Р)8-5
801 0 _aRU
_bРГБ
_c20130924
_gRCR
801 1 _aRU
_bРГБ
_c20130924
_2rusmarc
801 2 _aRU
_bNLR
_c20131017
_grcr
942 _cBOOK
980 _aNBR